| 000 | 00542nam a2200169Ia 4500 | ||
|---|---|---|---|
| 008 | 140529s9999 xx 000 0 und d | ||
| 020 | _a9780240812618 | ||
| 050 |
_aTR 897.7 _b.J33 2010 |
||
| 100 | _aJackson, Chris. | ||
| 245 |
_aFlash cinematic techniques : _benhancinganimated shorts and interactive storytelling / _cChris Jackson |
||
| 260 |
_aOxford : _bFocal, _cc2010. |
||
| 300 |
_a292 p. : _bcol. ill. ; _c25 cm. _e+ 1 CD-ROM (4 3/4 in). |
||
| 500 | _aIncludes index. | ||
| 521 | _aMA | ||
| 942 |
_kFOR _cBK |
||
| 999 |
_c117737 _d117737 |
||